[Event "Wch-U16"]
[Site "Halkidiki GRE"]
[Date "2003.10.25"]
[Round "3.5"]
[White "Krnan, Tomas"]
[Black "Brkic, Ante"]
[Result "1-0"]
[WhiteElo "2306"]
[BlackElo "2428"]
[PlyCount "67"]
[GameId "2129405131792237"]
[EventDate "2003.10.23"]
[EventType "swiss"]
[EventRounds "11"]
[EventCountry "GRE"]

1. e4 c5 2. Nf3 d6 3. d4 cxd4 4. Nxd4 Nf6 5. Nc3 g6 6. f4 Bg7 7. e5 Nh5 8. Bb5+ Bd7 9. Qe2 Bxb5 10. Ndxb5 dxe5 11. fxe5 a6 12. Na3 Qd4 13. g4 Nf4 14. Bxf4 Qxf4 15. Nd5 Qxe5 16. Qxe5 Bxe5 17. Nc4 Nc6 18. Nxe5 Nxe5 19. Nc7+ Kd7 20. Nxa8 Rxa8 21. O-O-O+ Ke6 22. Rd4 Rc8 23. Rhd1 a5 24. h3 f5 25. gxf5+ gxf5 26. Rh4 Rc4 27. Rxc4 Nxc4 28. Rd4 b5 29. a4 Ke5 30. Rd7 Ke6 31. Rc7 Kd6 32. Rc8 Nb6 33. Rd8+ Kc7 34. Rf8 1-0

[Event "Wch-U16"]
[Site "Halkidiki GRE"]
[Date "2003.10.26"]
[Round "4.1"]
[White "Bellaiche, Antony"]
[Black "Krnan, Tomas"]
[Result "1/2-1/2"]
[WhiteElo "2454"]
[BlackElo "2306"]
[PlyCount "43"]
[GameId "2129405131792247"]
[EventDate "2003.10.23"]
[EventType "swiss"]
[EventRounds "11"]
[EventCountry "GRE"]

1. d4 Nf6 2. c4 g6 3. Nf3 Bg7 4. g3 O-O 5. Bg2 d6 6. O-O Nbd7 7. Nc3 e5 8. e4 exd4 9. Nxd4 Re8 10. h3 Nc5 11. Re1 a5 12. b3 c6 13. Bf4 a4 14. b4 Ne6 15. Nxe6 Bxe6 16. Qd3 c5 17. Rab1 cxb4 18. Rxb4 Nd7 19. Nxa4 Nc5 20. Nxc5 dxc5 21. Qxd8 Rexd8 22. Rxb7 1/2-1/2

[Event "Wch-U16"]
[Site "Halkidiki GRE"]
[Date "2003.10.27"]
[Round "5.2"]
[White "Krnan, Tomas"]
[Black "Predojevic, Borki"]
[Result "0-1"]
[WhiteElo "2306"]
[BlackElo "2462"]
[PlyCount "98"]
[GameId "2129405131792262"]
[EventDate "2003.10.23"]
[EventType "swiss"]
[EventRounds "11"]
[EventCountry "GRE"]

1. e4 c5 2. Nf3 e6 3. d4 cxd4 4. Nxd4 Nf6 5. Bd3 Nc6 6. Be3 Qc7 7. O-O a6 8. Nc3 Bd6 9. h3 b5 10. a3 Bb7 11. Qe2 O-O 12. Nxc6 Qxc6 13. f4 e5 14. Kh1 Rfe8 15. Rad1 exf4 16. Bxf4 Be5 17. Bxe5 Rxe5 18. Qf2 Qe6 19. Rde1 h6 20. Qd4 Re8 21. a4 Bc6 22. axb5 axb5 23. Re3 Qe7 24. Rg3 b4 25. Na2 Nh5 26. Rg4 Bxe4 27. Qxb4 Qxb4 28. Nxb4 f5 29. Rgf4 Nxf4 30. Rxf4 Rb8 31. Bc4+ Kh7 32. c3 Ra5 33. Kh2 Ra1 34. Rf2 Rd1 35. Bb3 Re1 36. Rd2 Ra8 37. Kg3 Raa1 38. Nd5 Rf1 39. Nf4 Rae1 40. Nh5 Bc6 41. Bc2 Kh8 42. b4 Re3+ 43. Kh2 g6 44. Ng3 Rc1 45. Ne2 Re1 46. Nf4 g5 47. Nd5 R3e2 48. Rxe2 Rxe2 49. Bb3 Rd2 0-1

[Event "Wch-U16"]
[Site "Halkidiki GRE"]
[Date "2003.10.28"]
[Round "6.6"]
[White "Krnan, Tomas"]
[Black "Wojtaszek, Radoslaw"]
[Result "0-1"]
[WhiteElo "2306"]
[BlackElo "2461"]
[PlyCount "58"]
[GameId "2129405131792280"]
[EventDate "2003.10.23"]
[EventType "swiss"]
[EventRounds "11"]
[EventCountry "GRE"]

1. e4 c5 2. Nf3 d6 3. d4 cxd4 4. Nxd4 Nf6 5. Nc3 a6 6. Be2 e6 7. O-O b5 8. Bf3 Ra7 9. Be3 Rd7 10. a3 Be7 11. g3 O-O 12. Bg2 Bb7 13. f4 Rc7 14. Qe2 Nbd7 15. Rad1 Qa8 16. Bf2 Rxc3 17. bxc3 Nxe4 18. Be1 Nb6 19. f5 e5 20. f6 Bxf6 21. Nf5 Nc4 22. Bxe4 Bxe4 23. Nxd6 Nxd6 24. Rxf6 Nf5 25. Rxf5 Bxf5 26. Qxe5 Qf3 27. Rd2 Be4 28. Qf4 Qh1+ 29. Kf2 Re8 0-1

[Event "Presov op"]
[Site "Presov SVK"]
[Date "2001.08.16"]
[Round "6"]
[White "Furman, Boris"]
[Black "Krnan, Tomas"]
[Result "1/2-1/2"]
[WhiteElo "2279"]
[BlackElo "2149"]
[PlyCount "162"]
[GameId "2129405147863049"]
[EventDate "2001.08.11"]
[EventType "swiss"]
[EventRounds "9"]
[EventCountry "SVK"]
[SourceTitle "The Week in Chess 357"]
[Source "Mark Crowther"]
[SourceDate "2001.09.10"]
[SourceVersion "2"]
[SourceVersionDate "2001.09.10"]
[SourceQuality "2"]

1. d4 Nf6 2. c4 d6 3. Nf3 Nbd7 4. Nc3 e5 5. Bg5 Be7 6. e3 c6 7. Qc2 Qa5 8. Bh4 O-O 9. Be2 e4 10. Nd2 d5 11. O-O a6 12. f3 exf3 13. Bxf3 Re8 14. e4 dxe4 15. Ndxe4 Nxe4 16. Qxe4 Nc5 17. Qe3 Ne6 18. Bxe7 Rxe7 19. d5 Qc5 20. Qxc5 Nxc5 21. dxc6 bxc6 22. Bxc6 Bb7 23. Bxb7 Rxb7 24. b3 a5 25. Rf5 Rc8 26. Rd1 g6 27. Re5 a4 28. Nd5 axb3 29. axb3 Nxb3 30. Ne7+ Rxe7 31. Rxe7 Rxc4 32. Rf1 Nd2 33. Rd1 Ne4 34. h3 Ng3 35. Rd3 Nf5 36. Ra7 h5 37. Rdd7 Nh6 38. Kf2 h4 39. Kf3 Kg7 40. Rac7 Rb4 41. Rb7 Rc4 42. Rdc7 Ra4 43. Ra7 Rb4 44. Rcb7 Rc4 45. Ra2 Nf5 46. Rba7 Rb4 47. R7a4 Rb3+ 48. Kf4 Rb5 49. Kg4 Rb3 50. Kf4 Rb5 51. Rf2 Rb3 52. Ke5 Rg3 53. Re4 Ra3 54. Kd5 Ra5+ 55. Kc6 Kg8 56. Rd2 Kg7 57. Rg4 Kf6 58. Kd7 Kg7 59. Rc4 Kf6 60. Rc6+ Kg7 61. Rc7 Re5 62. Kd8 Ra5 63. Rb7 Ra8+ 64. Kd7 Ra5 65. Kc6 Re5 66. Rb4 Ra5 67. Rb5 Ra4 68. Kc5 Re4 69. Rb4 Re3 70. Kd5 Ra3 71. Ke4 Rc3 72. Rf2 Re3+ 73. Kf4 Rg3 74. Ra4 Rb3 75. Ra5 Rb4+ 76. Kf3 Rb3+ 77. Ke4 Re3+ 78. Kf4 Rb3 79. Re5 Rb4+ 80. Re4 Rb3 81. Ra4 Rc3 1/2-1/2

[Event "Presov op"]
[Site "Presov SVK"]
[Date "2001.08.17"]
[Round "7"]
[White "Krnan, Tomas"]
[Black "Kujovic, Michal"]
[Result "0-1"]
[WhiteElo "2149"]
[BlackElo "2335"]
[PlyCount "126"]
[GameId "2129405147863065"]
[EventDate "2001.08.11"]
[EventType "swiss"]
[EventRounds "9"]
[EventCountry "SVK"]
[SourceTitle "The Week in Chess 357"]
[Source "Mark Crowther"]
[SourceDate "2001.09.10"]
[SourceVersion "2"]
[SourceVersionDate "2001.09.10"]
[SourceQuality "2"]

1. e4 c5 2. Nf3 d6 3. d4 cxd4 4. Nxd4 Nf6 5. Nc3 a6 6. Be2 e6 7. Be3 Be7 8. O-O O-O 9. a4 Nc6 10. Nb3 b6 11. f4 Bb7 12. Bf3 Rc8 13. Qd2 Nd7 14. Rfd1 Nc5 15. Qf2 Qc7 16. Nd4 Rfe8 17. g4 Nxd4 18. Bxd4 e5 19. Be3 exf4 20. Bxf4 Bf8 21. Re1 Nd7 22. Be3 Ne5 23. Be2 Nc4 24. Bxc4 Qxc4 25. Bd4 Re6 26. b3 Qc7 27. Rad1 Rce8 28. Qf4 b5 29. axb5 axb5 30. Qd2 Bxe4 31. Nxb5 Qxc2 32. Qxc2 Bxc2 33. Rxe6 fxe6 34. Rd2 Bxb3 35. Be3 d5 36. Nd4 Bc4 37. Rc2 e5 38. Nf3 Bd6 39. h3 Ra8 40. Bf2 Ra2 41. Rxa2 Bxa2 42. Bg3 Bc5+ 43. Bf2 Bxf2+ 44. Kxf2 e4 45. Ng5 h6 46. Ne6 Kf7 47. Nd4 g5 48. Nf5 Kf6 49. Ke3 Ke5 50. Nd4 Bc4 51. Nc6+ Kd6 52. Nd8 Kc7 53. Ne6+ Kd7 54. Nd4 Kd6 55. Nc2 Ke5 56. Nd4 Bf1 57. Nc6+ Kf6 58. Nb4 Ke6 59. Kd4 Bxh3 60. Nxd5 Bxg4 61. Nc7+ Kf5 62. Ne8 Kf4 63. Nf6 Bf5 0-1

[Event "Slovan op"]
[Site "Bratislava SVK"]
[Date "2001.??.??"]
[Round "5.5"]
[White "Novak, Ivan"]
[Black "Krnan, Tomas"]
[Result "1-0"]
[WhiteElo "2281"]
[BlackElo "2146"]
[PlyCount "90"]
[GameId "2129405149548680"]
[EventDate "2001.04.28"]
[EventType "swiss"]
[EventRounds "9"]
[EventCountry "SVK"]

1. e4 e5 2. Nf3 Nc6 3. Be2 Nf6 4. d3 Be7 5. O-O O-O 6. Re1 d5 7. Nbd2 h6 8. c3 Be6 9. Qc2 Nh7 10. b4 a6 11. a3 f5 12. exd5 Bxd5 13. Bb2 Bf6 14. c4 Bf7 15. b5 axb5 16. cxb5 Nd4 17. Nxd4 exd4 18. Bf3 Bd5 19. Bxd5+ Qxd5 20. Qb3 Rad8 21. a4 c6 22. Ba3 Qxb3 23. Nxb3 Rfe8 24. Rxe8+ Rxe8 25. bxc6 bxc6 26. a5 Ng5 27. a6 Ne6 28. Bd6 Ra8 29. Nd2 Bd8 30. Nc4 Bc7 31. a7 Bxd6 32. Nxd6 Nc7 33. Nxf5 c5 34. Ra5 Kf7 35. g3 Ne8 36. Rxc5 Rxa7 37. Nxd4 Rd7 38. Nf3 Ke6 39. d4 Nf6 40. Re5+ Kf7 41. Kg2 Rd6 42. h3 Rd8 43. Ra5 Rd6 44. Ra7+ Kf8 45. h4 Rd5 1-0

[Event "Slovan op"]
[Site "Bratislava SVK"]
[Date "2001.??.??"]
[Round "7.8"]
[White "Bombek, Peter"]
[Black "Krnan, Tomas"]
[Result "1/2-1/2"]
[WhiteElo "2271"]
[BlackElo "2146"]
[PlyCount "108"]
[GameId "2129405149548708"]
[EventDate "2001.04.28"]
[EventType "swiss"]
[EventRounds "9"]
[EventCountry "SVK"]

1. d4 Nf6 2. Bg5 d5 3. Bxf6 exf6 4. e3 Bd6 5. c4 dxc4 6. Bxc4 O-O 7. Nc3 c6 8. Rc1 f5 9. Nge2 Qf6 10. O-O Nd7 11. g3 Nb6 12. Bb3 Be6 13. Nf4 Bxf4 14. gxf4 Rfd8 15. Bxe6 Qxe6 16. Qb3 Qg6+ 17. Kh1 Qh5 18. Rg1 Qf3+ 19. Rg2 Rd6 20. Qd1 Qxd1+ 21. Rxd1 Rad8 22. Rgg1 g6 23. Rc1 Kf8 24. Kg2 Ke7 25. Kf3 Nd5 26. Na4 b6 27. a3 Nf6 28. Rc2 Ne4 29. Rgc1 Kd7 30. b4 Re8 31. Nb2 f6 32. Kg2 Rde6 33. d5 cxd5 34. Rc7+ Kd8 35. Rxa7 R8e7 36. Ra8+ Kd7 37. Rd1 Rd6 38. Rd3 Rc6 39. Nd1 Ke6 40. Rd8 Rd7 41. Rxd7 Kxd7 42. Rxd5+ Ke6 43. Rd3 Rc2 44. Kg1 g5 45. Kf1 g4 46. Ke1 h5 47. Rd8 h4 48. Rb8 h3 49. Rxb6+ Kf7 50. Rb7+ Kg6 51. Rb8 g3 52. hxg3 Kg7 53. Rb7+ Kg6 54. Rb8 Kg7 1/2-1/2

[Event "Slovan op"]
[Site "Bratislava SVK"]
[Date "2001.??.??"]
[Round "8.12"]
[White "Krnan, Tomas"]
[Black "Todor, Razvan"]
[Result "1-0"]
[WhiteElo "2146"]
[BlackElo "2211"]
[PlyCount "95"]
[GameId "2129405149548722"]
[EventDate "2001.04.28"]
[EventType "swiss"]
[EventRounds "9"]
[EventCountry "SVK"]

1. e4 g6 2. d4 c5 3. Nc3 Bg7 4. d5 d6 5. Nf3 a6 6. a4 Nf6 7. Bc4 Bg4 8. h3 Bxf3 9. Qxf3 Nbd7 10. Qe2 Ne5 11. Bb3 Qc7 12. f4 Ned7 13. O-O Rc8 14. Bc4 Nb6 15. a5 Nxc4 16. Qxc4 O-O 17. Bd2 Nd7 18. Na4 Rb8 19. Rf3 Rfe8 20. Rb3 e6 21. Nb6 Nf6 22. Re1 exd5 23. Nxd5 Nxd5 24. Qxd5 Qc6 25. Rb6 Qxd5 26. exd5 Rxe1+ 27. Bxe1 Bf8 28. f5 gxf5 29. Bg3 Re8 30. Kf2 Re4 31. b3 f4 32. Bh2 c4 33. Rxb7 Rd4 34. Rb6 Rxd5 35. Rxa6 Rd2+ 36. Kf3 Rxc2 37. bxc4 Rc3+ 38. Kxf4 Rxc4+ 39. Ke3 Ra4 40. Ra8 Kg7 41. a6 f6 42. Kd3 d5 43. Bg1 Bd6 44. a7 Be5 45. Rc8 Ra3+ 46. Kc2 Ra2+ 47. Kb3 Rb2+ 48. Ka3 1-0

[Event "Slovan op"]
[Site "Bratislava SVK"]
[Date "2001.??.??"]
[Round "9.9"]
[White "Frindt, Kornel"]
[Black "Krnan, Tomas"]
[Result "0-1"]
[WhiteElo "2172"]
[BlackElo "2146"]
[PlyCount "64"]
[GameId "2129405149548731"]
[EventDate "2001.04.28"]
[EventType "swiss"]
[EventRounds "9"]
[EventCountry "SVK"]

1. e4 d5 2. exd5 Nf6 3. Nc3 Nxd5 4. Bc4 e6 5. Qf3 c6 6. Nge2 Be7 7. d4 O-O 8. h4 b5 9. Nxd5 exd5 10. Bd3 Nd7 11. Bf4 Nf6 12. O-O-O Qa5 13. Kb1 Be6 14. Be5 Ne4 15. Nf4 Bf6 16. Nxe6 fxe6 17. Bxe4 Bxe5 18. Bxh7+ Kxh7 19. Qh5+ Kg8 20. Qxe5 Rae8 21. f3 Rf5 22. Qd6 Qb6 23. h5 c5 24. Qg3 cxd4 25. h6 Re7 26. Qh4 Qc7 27. Rxd4 g6 28. Qf2 Kh7 29. g4 Rf4 30. Re1 Rxd4 31. Qxd4 Qg3 32. Rxe6 Qe1+ 0-1

[Event "Wch U12"]
[Site "Oropesa del Mar ESP"]
[Date "2000.10.19"]
[Round "8"]
[White "Krnan, Tomas"]
[Black "Li Haoyu"]
[Result "1/2-1/2"]
[WhiteElo "2123"]
[BlackElo "2324"]
[PlyCount "48"]
[GameId "2129405153625844"]
[EventDate "2000.10.11"]
[EventType "swiss"]
[EventRounds "11"]
[EventCountry "ESP"]
[SourceTitle "EXT 2001"]
[Source "ChessBase"]
[SourceDate "2000.11.22"]
[SourceVersion "1"]
[SourceVersionDate "2000.11.22"]
[SourceQuality "1"]

1. e4 e5 2. Nf3 d5 3. Nxe5 Bd6 4. d4 dxe4 5. Nc4 Nf6 6. Bg5 O-O 7. Nc3 h6 8. Bh4 Nc6 9. Qd2 Re8 10. O-O-O Bf5 11. Nd5 Be7 12. Nxe7+ Qxe7 13. Ne3 Qd7 14. Bxf6 gxf6 15. Nxf5 Qxf5 16. Qxh6 Rad8 17. c3 Ne7 18. Bc4 b5 19. Bb3 Nc6 20. g4 Qg5+ 21. Qxg5+ fxg5 22. Rhe1 Re7 23. Bc2 Rde8 24. d5 Ne5 1/2-1/2

[Event "Wch U12"]
[Site "Oropesa del Mar ESP"]
[Date "2000.10.20"]
[Round "9"]
[White "Mamedov, Rauf"]
[Black "Krnan, Tomas"]
[Result "1-0"]
[WhiteElo "2230"]
[BlackElo "2123"]
[PlyCount "73"]
[GameId "2129405153625858"]
[EventDate "2000.10.11"]
[EventType "swiss"]
[EventRounds "11"]
[EventCountry "ESP"]
[SourceTitle "EXT 2001"]
[Source "ChessBase"]
[SourceDate "2000.11.22"]
[SourceVersion "1"]
[SourceVersionDate "2000.11.22"]
[SourceQuality "1"]

1. e4 d5 2. exd5 Nf6 3. d4 Nxd5 4. c4 Nb6 5. Nf3 g6 6. Nc3 Bg7 7. c5 Nd5 8. Bc4 c6 9. O-O O-O 10. Re1 Nxc3 11. bxc3 b5 12. Bb3 Nd7 13. Bg5 Nf6 14. Ne5 Qc7 15. Qf3 Bb7 16. Qh3 Nd5 17. Bxd5 cxd5 18. Bh6 Bc8 19. Qe3 Be6 20. Bxg7 Kxg7 21. Nf3 h6 22. Qd3 Rab8 23. a3 Qf4 24. Ne5 Bf5 25. Qe3 Qxe3 26. Rxe3 Rfc8 27. g4 Bc2 28. Rc1 Bb3 29. f4 e6 30. f5 gxf5 31. gxf5 Rb7 32. Rg3+ Kh7 33. f6 Rg8 34. Rxg8 Kxg8 35. Kf2 Kh8 36. Rg1 Bc2 37. Rg7 1-0

[Event "Wch U12"]
[Site "Oropesa del Mar ESP"]
[Date "2000.10.22"]
[Round "10"]
[White "Krnan, Tomas"]
[Black "Bykhovsky, Anatoly"]
[Result "1-0"]
[WhiteElo "2123"]
[BlackElo "2393"]
[PlyCount "63"]
[GameId "2129405153625881"]
[EventDate "2000.10.11"]
[EventType "swiss"]
[EventRounds "11"]
[EventCountry "ESP"]
[SourceTitle "EXT 2001"]
[Source "ChessBase"]
[SourceDate "2000.11.22"]
[SourceVersion "1"]
[SourceVersionDate "2000.11.22"]
[SourceQuality "1"]

1. e4 c5 2. d4 cxd4 3. c3 dxc3 4. Nxc3 Nc6 5. Nf3 d6 6. Bc4 e6 7. O-O Nf6 8. Qe2 a6 9. Rd1 Qc7 10. Bf4 Nd7 11. Rac1 Qb8 12. Bb3 Be7 13. Qd2 Nde5 14. Nd4 Bd7 15. Na4 Nxd4 16. Qxd4 Bxa4 17. Bxa4+ b5 18. Bxe5 bxa4 19. Bxg7 Rg8 20. Bh6 Qb5 21. Rc4 Rd8 22. Rdc1 Qh5 23. Be3 Qf3 24. g3 h5 25. Rc8 h4 26. Qxa4+ Kf8 27. Bh6+ Rg7 28. Qd4 f6 29. Rxd8+ Bxd8 30. Qxd6+ Be7 31. Bxg7+ Kxg7 32. Qxe7+ 1-0

[Event "SVK-ch op"]
[Site "Zvolen SVK"]
[Date "2000.08.27"]
[Round "1"]
[White "Krnan, Tomas"]
[Black "Bednar, Jaromir"]
[Result "0-1"]
[WhiteElo "2123"]
[BlackElo "2315"]
[PlyCount "104"]
[GameId "2129405154278486"]
[EventDate "2000.08.27"]
[EventType "swiss"]
[EventRounds "9"]
[EventCountry "SVK"]
[SourceTitle "EXT 2001"]
[Source "ChessBase"]
[SourceDate "2000.11.22"]
[SourceVersion "1"]
[SourceVersionDate "2000.11.22"]
[SourceQuality "1"]

1. e4 c5 2. d3 Nc6 3. Nf3 Nf6 4. g3 d5 5. Nbd2 b6 6. exd5 Nxd5 7. Bg2 g6 8. O-O Bg7 9. Re1 O-O 10. Nf1 Bb7 11. Rb1 Rc8 12. Ne3 b5 13. a3 Nb6 14. Nd2 Qd7 15. Ne4 Nd4 16. c3 Ne6 17. Nc2 Rfd8 18. Bf1 h6 19. Qe2 Na4 20. Bd2 Bd5 21. f4 Ba2 22. Ra1 Bb3 23. Ne3 c4 24. d4 f5 25. Nf2 Bxd4 26. Bg2 Bg7 27. Nd5 Nac5 28. Be3 Nd3 29. Rf1 Nc7 30. Nb4 e5 31. fxe5 Nxe5 32. Bxa7 Ne6 33. Be3 Kh7 34. Nd5 Qd6 35. Rae1 Nc5 36. Bd4 Re8 37. Qd2 Nc6 38. Bxg7 Kxg7 39. Qf4 Qxf4 40. Nxf4 Ne5 41. Re2 Ned3 42. Rd2 Nxf4 43. gxf4 Rcd8 44. Rd4 Ne6 45. Rxd8 Rxd8 46. Bc6 Ba4 47. Nh3 Rd6 48. Bg2 Nc5 49. Rf2 Rd1+ 50. Bf1 Ne4 51. Re2 Nd2 52. Rf2 Bc2 0-1

[Event "SVK-ch op"]
[Site "Zvolen SVK"]
[Date "2000.08.28"]
[Round "2"]
[White "Rachela, Milan"]
[Black "Krnan, Tomas"]
[Result "1-0"]
[WhiteElo "2265"]
[BlackElo "2123"]
[PlyCount "89"]
[GameId "2129405154286704"]
[EventDate "2000.08.27"]
[EventType "swiss"]
[EventRounds "9"]
[EventCountry "SVK"]
[SourceTitle "EXT 2001"]
[Source "ChessBase"]
[SourceDate "2000.11.22"]
[SourceVersion "1"]
[SourceVersionDate "2000.11.22"]
[SourceQuality "1"]

1. d4 Nf6 2. Nf3 d6 3. c4 g6 4. Nc3 Bg7 5. Bg5 Nbd7 6. e3 O-O 7. Qc2 c6 8. Be2 e5 9. dxe5 dxe5 10. O-O Qc7 11. Rfd1 a6 12. Nd2 h6 13. Bh4 b5 14. f3 Nb6 15. Bxf6 Bxf6 16. Nce4 Bd8 17. Rac1 Qa7 18. Kh1 bxc4 19. Nxc4 Nxc4 20. Bxc4 Qxe3 21. Nd6 Kg7 22. Bxf7 Bf5 23. Nxf5+ gxf5 24. Qxc6 Bf6 25. Be6 Rad8 26. Qc7+ Kg6 27. Rxd8 Bxd8 28. Qc6 Bf6 29. Rg1 h5 30. Qxa6 Qf2 31. Qd3 Bg5 32. b4 Qd2 33. Qxd2 Bxd2 34. b5 e4 35. g4 hxg4 36. fxe4 fxe4 37. Rxg4+ Kf6 38. Rxe4 Re8 39. Bd5 Rxe4 40. Bxe4 Ba5 41. Kg2 Ke5 42. Kf3 Kd6 43. h4 Kc5 44. Bc6 Bc3 45. h5 1-0

[Event "SVK-ch op"]
[Site "Zvolen SVK"]
[Date "2000.08.29"]
[Round "3"]
[White "Krnan, Tomas"]
[Black "Bombek, Peter"]
[Result "0-1"]
[WhiteElo "2123"]
[BlackElo "2271"]
[PlyCount "106"]
[GameId "2129405154286723"]
[EventDate "2000.08.27"]
[EventType "swiss"]
[EventRounds "9"]
[EventCountry "SVK"]
[SourceTitle "EXT 2001"]
[Source "ChessBase"]
[SourceDate "2000.11.22"]
[SourceVersion "1"]
[SourceVersionDate "2000.11.22"]
[SourceQuality "1"]

1. e4 d5 2. exd5 Qxd5 3. Nc3 Qa5 4. d4 Nf6 5. Nf3 Nc6 6. Bd2 a6 7. Bc4 Qh5 8. O-O Bg4 9. Be2 Qf5 10. h3 Bxf3 11. Bxf3 Qd7 12. Be3 O-O-O 13. Ne2 e5 14. dxe5 Nxe5 15. Ng3 Qxd1 16. Bxd1 Nd5 17. Bd4 Nc6 18. Bg4+ Kb8 19. Rad1 Nxd4 20. Rxd4 Bc5 21. Rdd1 Rhe8 22. a3 Nb6 23. b4 Bf8 24. Bf3 c6 25. Rd3 Nc4 26. Rfd1 Kc7 27. Kf1 a5 28. Bg4 Ne5 29. Rxd8 Rxd8 30. Rxd8 Kxd8 31. bxa5 Nxg4 32. hxg4 Bxa3 33. c3 Bd6 34. Nf5 Be5 35. c4 g6 36. Ne3 Bc7 37. Ke2 Bxa5 38. Kd3 Ke7 39. f3 Ke6 40. Ke4 Bb6 41. Nd1 f5+ 42. gxf5+ gxf5+ 43. Kf4 Bd4 44. Kg5 Ke5 45. g3 b5 46. cxb5 cxb5 47. Kh6 f4 48. g4 b4 49. Kxh7 b3 50. g5 Kf5 51. g6 b2 52. Nxb2 Bxb2 53. Kh6 Bc3 0-1

[Event "SVK-ch op"]
[Site "Zvolen SVK"]
[Date "2000.08.29"]
[Round "4"]
[White "Hlas, Jan"]
[Black "Krnan, Tomas"]
[Result "1/2-1/2"]
[WhiteElo "2207"]
[BlackElo "2123"]
[PlyCount "105"]
[GameId "2129405154286744"]
[EventDate "2000.08.27"]
[EventType "swiss"]
[EventRounds "9"]
[EventCountry "SVK"]
[SourceTitle "EXT 2001"]
[Source "ChessBase"]
[SourceDate "2000.11.22"]
[SourceVersion "1"]
[SourceVersionDate "2000.11.22"]
[SourceQuality "1"]

1. d4 Nf6 2. c4 d6 3. Nc3 Nbd7 4. Nf3 e5 5. g3 Be7 6. Bg2 c6 7. O-O O-O 8. Qc2 Qc7 9. Rd1 a6 10. b3 Re8 11. Rd2 Bf8 12. Ba3 Rb8 13. Bb2 g6 14. Rad1 b5 15. cxb5 cxb5 16. dxe5 dxe5 17. e4 Nc5 18. Nd5 Nxd5 19. exd5 Bf5 20. Qc3 Bd6 21. Nh4 Bg4 22. f3 Qb6 23. Kh1 Bd7 24. f4 Bg4 25. Re1 Rbc8 26. fxe5 Nd7 27. Qd4 Qxd4 28. Rxd4 Bxe5 29. Rde4 f5 30. R4e3 Kf7 31. Bxe5 Rxe5 32. Rxe5 Nxe5 33. h3 Nd3 34. Re3 Nf2+ 35. Kh2 Bh5 36. Re6 Rc2 37. Rxa6 Nd3 38. Re6 Rxa2 39. Re3 Nc5 40. Kg1 Rd2 41. Rc3 Nd7 42. Rc7 Ke7 43. Rb7 Be2 44. Nf3 Bxf3 45. Bxf3 Rd3 46. Kf2 Rxb3 47. Be2 Kd6 48. Rxb5 Rxb5 49. Bxb5 Nf6 50. h4 Kxd5 51. Ba4 Ke5 52. Kf3 h6 53. Bc2 1/2-1/2

[Event "SVK-ch op"]
[Site "Zvolen SVK"]
[Date "2000.08.30"]
[Round "5"]
[White "Krnan, Tomas"]
[Black "Horvath, Mario"]
[Result "1/2-1/2"]
[WhiteElo "2123"]
[BlackElo "2260"]
[PlyCount "118"]
[GameId "2129405154286773"]
[EventDate "2000.08.27"]
[EventType "swiss"]
[EventRounds "9"]
[EventCountry "SVK"]
[SourceTitle "EXT 2001"]
[Source "ChessBase"]
[SourceDate "2000.11.22"]
[SourceVersion "1"]
[SourceVersionDate "2000.11.22"]
[SourceQuality "1"]

1. e4 b6 2. d3 Bb7 3. Nd2 c5 4. g3 g6 5. Bg2 Bg7 6. Ngf3 d6 7. O-O Nf6 8. Re1 O-O 9. c3 Nc6 10. Nf1 Rb8 11. h3 Qd7 12. N3h2 b5 13. f4 b4 14. g4 bxc3 15. bxc3 Ne8 16. Bd2 Ba6 17. Qc2 Nc7 18. Ng3 d5 19. e5 f6 20. Nf3 fxe5 21. fxe5 Ne6 22. Rad1 Nf4 23. Bxf4 Rxf4 24. Ne2 Rff8 25. Nc1 Nd8 26. Nb3 Ne6 27. d4 Bc4 28. Nfd2 Bxb3 29. Nxb3 c4 30. Nc1 Nf4 31. Rf1 Bh6 32. Ne2 Nd3 33. Rxf8+ Rxf8 34. Rf1 Be3+ 35. Kh2 Rxf1 36. Bxf1 h5 37. Ng3 Nf4 38. Be2 Kg7 39. Nf1 Nxe2 40. Qxe2 Bf4+ 41. Kg2 hxg4 42. hxg4 Qa4 43. Kf3 Bg5 44. Ne3 Qa5 45. Qc2 Qd8 46. Qe2 e6 47. Ng2 Qh8 48. Kg3 Qh1 49. Qb2 Qg1 50. Kf3 Qd1+ 51. Kg3 Qd3+ 52. Kh2 Qf3 53. Qb7+ Kh6 54. Qc8 Bf4+ 55. Nxf4 Qxf4+ 56. Kh3 Qf3+ 57. Kh2 Qf7 58. Kg3 g5 59. Qh8+ Qh7 1/2-1/2

[Event "SVK-ch op"]
[Site "Zvolen SVK"]
[Date "2000.08.31"]
[Round "6"]
[White "Jakubek, Peter"]
[Black "Krnan, Tomas"]
[Result "0-1"]
[WhiteElo "2205"]
[BlackElo "2123"]
[PlyCount "127"]
[GameId "2129405154286793"]
[EventDate "2000.08.27"]
[EventType "swiss"]
[EventRounds "9"]
[EventCountry "SVK"]
[SourceTitle "EXT 2001"]
[Source "ChessBase"]
[SourceDate "2000.11.22"]
[SourceVersion "1"]
[SourceVersionDate "2000.11.22"]
[SourceQuality "1"]

1. d4 Nf6 2. Nf3 d6 3. c4 Nbd7 4. Nc3 e5 5. e4 c6 6. Be2 Be7 7. O-O O-O 8. Qc2 Qc7 9. Rd1 a6 10. dxe5 dxe5 11. h3 Nc5 12. Be3 a5 13. Nd2 Ne6 14. Na4 Nd4 15. Bxd4 exd4 16. c5 Qf4 17. g3 Qe5 18. f4 d3 19. Bxd3 Qh5 20. h4 Bg4 21. Re1 Rad8 22. Nf1 Rd4 23. Re3 Rfd8 24. Kg2 Nd7 25. e5 Nf8 26. b3 h6 27. Nh2 Bf5 28. Nb2 Bxd3 29. Rxd3 Qg6 30. Rad1 Bxh4 31. f5 Qxf5 32. gxh4 Qe4+ 33. Nf3 Qg4+ 34. Kf2 Rf4 35. Nc4 Qxh4+ 36. Ke2 Qg4 37. Rg1 Qf5 38. Ne3 Qxd3+ 39. Qxd3 Rxd3 40. Kxd3 Rxf3 41. Ke2 Rf4 42. Nc4 Nd7 43. Ke3 Rh4 44. Nxa5 Nxc5 45. Rc1 Re4+ 46. Kd2 Rxe5 47. b4 Rd5+ 48. Kc3 Nd3 49. Rc2 f5 50. Nxb7 f4 51. Na5 Ne5 52. Kb3 Rd6 53. Nc4 Rd3+ 54. Ka4 Ng4 55. Rd2 Rc3 56. Rd4 g5 57. b5 cxb5+ 58. Kxb5 Ne3 59. Ne5 Ra3 60. Rd2 g4 61. Kb4 Ra8 62. a4 Re8 63. Nd7 Kg7 64. a5 0-1

[Event "SVK-ch op"]
[Site "Zvolen SVK"]
[Date "2000.09.01"]
[Round "7"]
[White "Krnan, Tomas"]
[Black "Havlickova, Beata"]
[Result "1-0"]
[WhiteElo "2123"]
[BlackElo "2038"]
[PlyCount "51"]
[GameId "2129405154286819"]
[EventDate "2000.08.27"]
[EventType "swiss"]
[EventRounds "9"]
[EventCountry "SVK"]
[SourceTitle "EXT 2001"]
[Source "ChessBase"]
[SourceDate "2000.11.22"]
[SourceVersion "1"]
[SourceVersionDate "2000.11.22"]
[SourceQuality "1"]

1. e4 c5 2. d4 cxd4 3. c3 d3 4. Bxd3 d6 5. c4 Nc6 6. Nc3 Nf6 7. Nf3 e6 8. O-O a6 9. h3 Be7 10. Be3 O-O 11. Qd2 Qc7 12. Be2 Ne5 13. b3 Nxf3+ 14. Bxf3 Bd7 15. Rfd1 Rac8 16. Bf4 e5 17. Bg5 Be6 18. Bxf6 gxf6 19. Rac1 Kh8 20. Nd5 Bxd5 21. cxd5 Qb8 22. Bg4 Rxc1 23. Rxc1 Rg8 24. Bf5 Bf8 25. Rc8 Qa7 26. Rxf8 1-0

[Event "SVK-ch op"]
[Site "Zvolen SVK"]
[Date "2000.09.02"]
[Round "8"]
[White "Szamos, Alexander"]
[Black "Krnan, Tomas"]
[Result "1/2-1/2"]
[WhiteElo "2250"]
[BlackElo "2123"]
[PlyCount "54"]
[GameId "2129405154286854"]
[EventDate "2000.08.27"]
[EventType "swiss"]
[EventRounds "9"]
[EventCountry "SVK"]
[SourceTitle "EXT 2001"]
[Source "ChessBase"]
[SourceDate "2000.11.22"]
[SourceVersion "1"]
[SourceVersionDate "2000.11.22"]
[SourceQuality "1"]

1. c4 Nf6 2. Nc3 d6 3. g3 Nbd7 4. Bg2 e5 5. Nf3 c6 6. d4 Be7 7. O-O O-O 8. e4 Qc7 9. b3 a6 10. Ba3 Re8 11. Qd2 b5 12. dxe5 dxe5 13. Bxe7 Rxe7 14. Nh4 Nc5 15. Qe3 Ne6 16. Nf5 Rd7 17. f4 bxc4 18. bxc4 a5 19. Na4 Rb8 20. Nc5 Ng4 21. Qf3 Nxh2 22. Kxh2 Nxc5 23. Qg4 g6 24. Nh6+ Kg7 25. Qg5 Ne6 26. Nf5+ Kg8 27. Nh6+ Kg7 1/2-1/2